| 000 | 00937cam a2200313 4500 | ||
|---|---|---|---|
| 001 | 26189 | ||
| 003 | BD-RjUL | ||
| 005 | 20211209051001.0 | ||
| 008 | 140320t1969 ii b 001 0beng | ||
| 035 | _a(BD-RjUL)26259 | ||
| 035 | _a(BD-RjUL) | ||
| 035 | _a(NNC)2760942 | ||
| 040 |
_aDLC _cDLC _dZCU _dBD-RJUL _beng |
||
| 041 | _aeng | ||
| 082 | 0 | 0 |
_a934.040924 _bBHA 1969 |
| 100 | 1 |
_aBhandarkar, Devadatta Ramakrishna, _d1875-1950. _970520 |
|
| 245 | 0 | 0 |
_aAsoka / _cby D. R. Bhandarkar. |
| 250 | _a4th ed. | ||
| 260 |
_aCalcutta : _bUniversity of Calcutta, _c1969. |
||
| 300 |
_axxx, 366 p. ; _c23 cm. |
||
| 490 | 1 |
_aCarmichael lectures ; _v1923 |
|
| 504 | _aIncludes bibliographical references and index. | ||
| 600 | 0 | 0 |
_aAsoka, _cKing of Magadha, _dactive 259 B.C. _948906 |
| 830 | 0 |
_v1923. _980499 |
|
| 830 | 0 |
_aCarmichael lectures ; _980500 |
|
| 942 |
_2ddc _cBK |
||
| 999 |
_c26189 _d26189 |
||